Curso de Física general
Saved in:
| Main Authors: | , |
|---|---|
| Format: | Bog |
| Sprog: | spansk |
| Udgivet: |
Moscú
Mir
1968
|
| Fag: | |
| Tags: |
Tilføj Tag
Ingen Tags, Vær først til at tagge denne postø!
|
MARC
| LEADER | 00000nam a2200000 a 4500 | ||
|---|---|---|---|
| 001 | UCH1845 | ||
| 003 | CL-VaPUC | ||
| 008 | 090514e19680000ru |||||||||||||||||spa|d | ||
| 082 | 0 | 4 | |a 530 |b FRI |2 21 |
| 100 | 0 | |a Frish, Serguéi |e author |9 536401 | |
| 700 | 0 | |a Timoreva, Alexandra |e author |9 536402 | |
| 245 | 1 | 0 | |a Curso de Física general |
| 300 | |a t | ||
| 942 | |c BK | ||
| 945 | |d 20090514 00:00:00 |a dcastane | ||
| 260 | |a Moscú |b Mir |c 1968 | ||
| 500 | |a t.2: Electrostática | ||
| 500 | |a Corriente Continua | ||
| 500 | |a Fenómenos Electromagnéticos | ||
| 500 | |a t.3: Optica | ||
| 500 | |a Física atómica | ||
| 650 | 0 | |a Física |9 227844 | |
| 650 | 0 | |a enseñanza de la física |9 339846 | |
| 583 | |a last modification |c 20171123 02:34:14 |k Rodrigo Vera | ||
| 999 | |c 333742 |d 333740 | ||
| 952 | |0 0 |1 0 |4 0 |6 530_000000000000000_FRI_1968 |7 0 |8 A |9 422342 |a BIBCUR |b BIBCUR |d 2019-11-22 |h t.2 |i 4542649 |l 1 |o 530 FRI 1968 |p 4542649 |r 2025-04-22 |s 2024-03-12 |w 2019-11-22 |y BK |k FIS | ||
| 952 | |0 0 |1 0 |4 0 |6 530_000000000000000_FRI_1968 |7 0 |8 A |9 422343 |a BIBCUR |b BIBCUR |d 2019-11-22 |h t.3 |i 4542657 |o 530 FRI 1968 |p 4542657 |r 2025-04-22 |w 2019-11-22 |y BK |k FIS | ||